The Second Thoughts of an Idle Fellow (Record no. 231257)
[ view plain ]
| 000 -LEADER | |
|---|---|
| fixed length control field | 01249cam a22002533a 4500 |
| 001 - CONTROL NUMBER | |
| control field | 1915 |
| 003 - CONTROL NUMBER IDENTIFIER | |
| control field | PGUSA |
| 005 - DATE AND TIME OF LATEST TRANSACTION | |
| control field | 20140828083008.0 |
| 008 - FIXED-LENGTH DATA ELEMENTS--GENERAL INFORMATION | |
| fixed length control field | 991001s1999||||xxu|||||s|||||000 e eng d |
| 040 ## - CATALOGING SOURCE | |
| Original cataloging agency | PGUSA |
| Language of cataloging | eng |
| 042 ## - AUTHENTICATION CODE | |
| Authentication code | dc |
| 050 #4 - LIBRARY OF CONGRESS CALL NUMBER | |
| Classification number | PR |
| 100 1# - MAIN ENTRY--PERSONAL NAME | |
| Personal name | Jerome, Jerome K. |
| Fuller form of name | (Jerome Klapka), |
| Dates associated with a name | 1859-1927 |
| 245 14 - TITLE STATEMENT | |
| Title | The Second Thoughts of an Idle Fellow |
| Medium | [electronic resource] / |
| Statement of responsibility, etc | Jerome K. Jerome |
| 260 ## - PUBLICATION, DISTRIBUTION, ETC. (IMPRINT) | |
| Name of publisher, distributor, etc | Project Gutenberg, |
| Date of publication, distribution, etc | 1999 |
| 505 0# - FORMATTED CONTENTS NOTE | |
| Formatted contents note | On the art of making up one's mind -- On the disadvantage of not getting what one wants -- On the exceptional merit attaching to the things we meant to do -- On the preparation and employment of love philtres -- On the delights and benefits of slavery -- On the care and management of women -- On the minding of other people's business -- On the time wasted in looking before one leaps -- On the nobility of ourselves -- On the motherliness of man -- On the inadvisability of following advice -- On the playing of marches at the funerals of marionettes. |
| 506 ## - RESTRICTIONS ON ACCESS NOTE | |
| Terms governing access | Public domain in the USA. |
| 516 ## - TYPE OF COMPUTER FILE OR DATA NOTE | |
| Type of computer file or data note | Electronic text |
| 653 ## - INDEX TERM--UNCONTROLLED | |
| Uncontrolled term | Wit and humor |
| 653 ## - INDEX TERM--UNCONTROLLED | |
| Uncontrolled term | Essays |
| 830 #0 - SERIES ADDED ENTRY--UNIFORM TITLE | |
| Uniform title | Project Gutenberg |
| Volume number/sequential designation | 1915 |
| 856 40 - ELECTRONIC LOCATION AND ACCESS | |
| Uniform Resource Identifier | <a href="http://www.gutenberg.org/ebooks/1915">http://www.gutenberg.org/ebooks/1915</a> |
| 942 ## - ADDED ENTRY ELEMENTS (KOHA) | |
| Koha item type | eBooks |
| Withdrawn status | Lost status | Damaged status | Home library | Current library | Date acquired | Total Checkouts | Date last seen | Price effective from | Koha item type |
|---|---|---|---|---|---|---|---|---|---|
| Project Gutenberg | Project Gutenberg | 08/28/2014 | 08/28/2014 | 08/28/2014 | eBooks |